Les 10 Capitales les plus proches de Nantes - Statistiques

Statistiques générales
  • Ce quiz a été pris 356 fois
    349 depuis la dernière actualisation
  • Le résultat moyen est 9 sur 10
Statistiques - réponses
Réponse % Correct
Paris
99%
Londres
98%
Madrid
97%
Bruxelles
95%
Amsterdam
93%
Berne
92%
Dublin
92%
Luxembourg
92%
Monaco
82%
Andorre-la-Vieille
78%
Aucun quiz correspondant
Distribution des résultats
% des personnes avec chaque résultat
Percentile par nombre de réponses
Votre historique - résultats
Vous n’avez pas pris ce quiz depuis la dernière actualisation